[Event "Geneve"]
[Site "Geneve"]
[Date "1977.??.??"]
[Round "8"]
[White "Westerinen, Heikki MJ"]
[Black "Sosonko, Gennadi"]
[Result "0-1"]
[WhiteElo "2430"]
[BlackElo "2530"]

1.d3 d5 2.Nf3 Nc6 3.g3 e5 4.Bg2 Nf6 5.O-O Be7 6.c4 O-O 7.cxd5 Nxd5 8.Nc3 Be6
9.Bd2 Qd7 10.Rc1 Rad8 11.Ne4 f6 12.Nc5 Bxc5 13.Rxc5 Nd4 14.Nxd4 exd4 15.e4 dxe3
16.fxe3 b6 17.Rc1 c5 18.Rf2 Rfe8 19.a3 Bh3 20.Bxh3 Qxh3 21.e4 Nc7 22.Qa4 Ne6
23.Qxa7 Rxd3 24.Qxb6 Red8 25.Be1 Qg4 26.Rc3 Qxe4 27.Rxd3 Rxd3 28.Bc3 Ng5
29.Qb3+ c4 30.Qb8+ Kf7 31.Qa7+ Kg6 32.h4 Rxg3+ 33.Kf1 Qd3+ 34.Re2 Rf3+ 35.Kg1 Nh3+
36.Kh1 Rf1+ 37.Kh2 Qxe2+  0-1

[Event "Geneve"]
[Site "Geneve"]
[Date "1977.??.??"]
[Round "8"]
[White "Sigurjonsson, Gudmundur"]
[Black "Hug, Werner"]
[Result "1/2-1/2"]
[WhiteElo "2520"]
[BlackElo "2445"]

1.e4 e6 2.d4 d5 3.Nc3 Nc6 4.Nf3 Nf6 5.e5 Ne4 6.Bd3 Bb4 7.Bd2 Nxd2 8.Qxd2 a6
9.Qf4 h6 10.O-O O-O 11.Ne2 f5 12.exf6 Bd6 13.Ne5  1/2-1/2

[Event "Geneve"]
[Site "Geneve"]
[Date "1977.??.??"]
[Round "8"]
[White "Pachman, Ludek"]
[Black "Torre, Eugenio"]
[Result "1/2-1/2"]
[WhiteElo "2485"]
[BlackElo "2550"]

1.d4 Nf6 2.c4 g6 3.Nc3 Bg7 4.e4 d6 5.f3 O-O 6.Be3 a6 7.Bd3 c5 8.dxc5 dxc5
9.Bxc5 Nc6 10.Be3 Nd7 11.Nh3 Nde5 12.Be2 Bxh3 13.gxh3 Qc8 14.O-O Qxh3 15.Nd5 e6
16.Nf4 Qh4 17.Ng2 Qe7 18.f4 Rfd8 19.Qb3 Nd7 20.e5 Nc5 21.Qa3 Nd4 22.Bxd4 Rxd4
23.Rad1 Rad8 24.Qe3 Rxd1 25.Rxd1 Rxd1+ 26.Bxd1 Qd8 27.Bc2 Qb6 28.Qd4 Bf8
29.Kf1 a5 30.Bd1 Qc6 31.b3 Kg7 32.Qe3 Na6 33.Bf3 Qd7 34.Ke2 Nb4 35.Qd2 Qxd2+
36.Kxd2 b6 37.a4 Bc5 38.Ne3 h6 39.Be4 Na6 40.h3 Bd4 41.h4 Nc5 42.Bc2 Nd7
43.Ke2 Bc5 44.Kf3 Be7 45.Ng2 Bb4 46.Ke3 Kf8 47.Kf3 Ke7 48.Ke3 h5 49.Ke2 Nb8
50.Be4 Kd7 51.Ne1 Ba3 52.Nf3 Bc1 53.Ng5 Ke7 54.Kf3 Bd2 55.Kg3 Be1+ 56.Kg2 Bd2
57.Kg3 Na6 58.Nf3 Be3 59.Ne1 Kd7 60.Nd3 Bc5 61.Bb7 Nb8 62.Nxc5+ bxc5 63.Kf2 Kc7
64.Bf3 Nd7 65.Ke3 Nf8 66.Be4 Kd7 67.Bf3 Ke7 68.Bc6 Nd7 69.Bxd7 Kxd7 70.Kf3 Ke7
71.Ke3  1/2-1/2

[Event "Geneve"]
[Site "Geneve"]
[Date "1977.??.??"]
[Round "8"]
[White "Olafsson, Fridrik"]
[Black "Ivkov, Borislav"]
[Result "1/2-1/2"]
[WhiteElo "2560"]
[BlackElo "2510"]

1.c4 c5 2.Nf3 Nf6 3.Nc3 Nc6 4.d4 cxd4 5.Nxd4 e6 6.g3 Bc5 7.Nb3 Bb4 8.Bg2 d5
9.O-O dxc4 10.Nd2 O-O 11.Nxc4 Qe7 12.Bd2 Rd8 13.Qe1 Qc5 14.Ne3 Qh5 15.a3 Be7
16.b4 Nd4 17.Rb1 e5 18.Rb2 Bh3 19.f3 Bxg2 20.Nxg2 Rac8  1/2-1/2

[Event "Geneve"]
[Site "Geneve"]
[Date "1977.??.??"]
[Round "8"]
[White "Larsen, Bent"]
[Black "Andersson, Ulf"]
[Result "1/2-1/2"]
[WhiteElo "2615"]
[BlackElo "2565"]

1.e4 c5 2.f4 b6 3.c4 Nc6 4.Nf3 g6 5.d4 cxd4 6.Nxd4 Bg7 7.Nf3 d6 8.Bd3 Nf6
9.O-O O-O 10.Nc3 Bb7 11.Qe1 Rc8 12.f5 Nb4 13.Bb1 Rxc4 14.a3 Nc6 15.Ba2 Rxc3
16.bxc3 Ne5 17.fxg6 hxg6 18.Bb1 Nxf3+ 19.Rxf3 Qc7 20.Ra2 Rc8 21.Raf2 Ba6
22.h3 Qc5 23.Qd2 Bc4 24.Qb2 Be6 25.Qb4 Nd7 26.Qxc5 Rxc5 27.Rc2 Ne5 28.Rg3 Bf6
29.Bf4 Ra5 30.Ba2 Bxa2 31.Rxa2 Ra4 32.Bxe5 Bxe5 33.Re3 Kg7 34.Kf1 Kf6 35.Ke2 Ke6
36.Kd3 b5 37.Kc2 Bf4 38.Re1 a6 39.Kb3 Bg3 40.Ree2 Be5 41.Rad2 Rc4 42.Rd3 g5
43.Rf3 Rc8 44.Rc2  1/2-1/2

[Event "Geneve"]
[Site "Geneve"]
[Date "1977.??.??"]
[Round "9"]
[White "Sosonko, Gennadi"]
[Black "Liberzon, Vladimir M"]
[Result "1-0"]
[WhiteElo "2530"]
[BlackElo "2550"]

1.d4 Nf6 2.c4 g6 3.Nc3 d5 4.Nf3 Bg7 5.Qb3 dxc4 6.Qxc4 O-O 7.e4 Na6 8.Be2 c5
9.d5 e6 10.Bg5 Qb6 11.O-O exd5 12.exd5 Bf5 13.Qh4 Nd7 14.Bb5 Nc7 15.Bxd7 Bxd7
16.d6 Qxd6 17.Rad1 Qc6 18.Be7 Bf5 19.Rd6 Qe8 20.Rfd1 Ne6 21.Nd5 Bc2 22.Rc1 Qa4
23.Nf6+ Bxf6 24.Qxf6 Qxa2 25.Bxf8 Rxf8 26.h4 h5 27.Kh2 Bf5 28.Ng5 Qa4 29.Nxe6 fxe6
30.Qg5 b6 31.Rcd1 Qg4 32.Rd8 Qxg5 33.hxg5 e5 34.Kg3 c4 35.Rxf8+ Kxf8 36.Rd5 Ke7
37.Rxe5+ Kd6 38.Kf4 Bd3 39.Re8 Kc5 40.Ke3 Kb4 41.Re5 Kb3 42.Kd2 Kxb2 43.Rb5+ Ka3
44.f4 Ka4 45.Rd5 Be4 46.Re5 Bd3 47.f5 gxf5 48.g6 f4 49.g7 Bh7 50.Rxh5 Bg8
51.Rh8 Be6 52.Re8 Bd5 53.Rd8 Be6 54.Re8 Bd5 55.Rd8 Be6 56.g8=Q Bxg8 57.Rxg8 Kb3
58.Kc1  1-0

[Event "Geneve"]
[Site "Geneve"]
[Date "1977.??.??"]
[Round "9"]
[White "Torre, Eugenio"]
[Black "Larsen, Bent"]
[Result "1-0"]
[WhiteElo "2550"]
[BlackElo "2615"]

1.e4 b6 2.d4 Bb7 3.Nd2 e6 4.Ngf3 c5 5.c3 Nf6 6.Bd3 Nc6 7.O-O Be7 8.Re1 Qc7
9.a3 d5 10.e5 Nd7 11.b4 c4 12.Bc2 O-O-O 13.Nf1 Rdg8 14.Ng5 Bxg5 15.Bxg5 Nf8
16.f4 h6 17.Bh4 Kb8 18.Ne3 Ne7 19.Bxe7 Qxe7 20.f5 Qg5 21.Qg4 Qxg4 22.Nxg4 exf5
23.Bxf5 Ne6 24.Rf1 Nd8 25.Ne3 Re8 26.Rae1 Rhf8 27.Bg4 Ne6 28.Nf5 Rd8 29.Nd6 Ng5
30.h4 Rxd6 31.exd6 Ne4 32.Be6 f6 33.d7 Rd8 34.Re3 Kc7 35.Bf5 Bc6 36.b5 Bxb5
37.Bxe4 dxe4 38.Rxe4 Rxd7 39.Rfe1 Ba4 40.Kf2 a5 41.Re7 h5 42.R1e6 g5 43.hxg5 fxg5
44.Rxd7+ Bxd7 45.Re5 h4 46.Rxg5 h3 47.g4 Bc6 48.Kg3 Bg2 49.Re5  1-0

[Event "Geneve"]
[Site "Geneve"]
[Date "1977.??.??"]
[Round "9"]
[White "Dzindzichashvili, Roman"]
[Black "Sigurjonsson, Gudmundur"]
[Result "1/2-1/2"]
[WhiteElo "2535"]
[BlackElo "2520"]

1.Nf3 Nf6 2.d4 g6 3.c4 Bg7 4.Nc3 d6 5.g3 O-O 6.Bg2 Nbd7 7.O-O e5 8.e4 c6
9.h3 Qb6 10.d5 Nc5 11.Re1 Bd7 12.Rb1 a5 13.Be3 cxd5 14.cxd5 Qc7 15.Rc1 Rfc8
16.Bf1 Qb8 17.Nd2 b5 18.Qf3 Qb7 19.Ncb1 a4 20.a3 Ne8 21.Kh2 Rc7 22.Nc3 b4
23.Ncb1 Rac8 24.Rc4 Na6 25.Rec1 Rxc4 26.Nxc4 Bf8  1/2-1/2

[Event "Geneve"]
[Site "Geneve"]
[Date "1977.??.??"]
[Round "9"]
[White "Ivkov, Borislav"]
[Black "Byrne, Robert E"]
[Result "1/2-1/2"]
[WhiteElo "2510"]
[BlackElo "2580"]

1.d4 Nf6 2.c4 g6 3.Nc3 Bg7 4.e4 d6 5.f3 a6 6.Be3 c6 7.a4 a5 8.Bd3 Na6 9.Nge2 Nb4
10.O-O O-O 11.Qd2 Nd7 12.Rad1 Nxd3 13.Qxd3 b6 14.Qd2 Ba6 15.b3 Rc8 16.Bh6 e6
17.Bxg7 Kxg7  1/2-1/2

[Event "Geneve"]
[Site "Geneve"]
[Date "1977.??.??"]
[Round "10"]
[White "Byrne, Robert E"]
[Black "Andersson, Ulf"]
[Result "0-1"]
[WhiteElo "2580"]
[BlackElo "2565"]

1.e4 c5 2.Nf3 e6 3.d4 cxd4 4.Nxd4 a6 5.Bd3 g6 6.O-O Bg7 7.c3 d6 8.a4 Nf6
9.Na3 O-O 10.Bg5 Qc7 11.Re1 Nbd7 12.Qd2 b6 13.Bh6 Bb7 14.Bxg7 Kxg7 15.f3 e5
16.Ne2 Nc5 17.Bc2 d5 18.exd5 Nxd5 19.c4 Ne7 20.Ng3 f6 21.b4 Ne6 22.Qc3 Rfd8
23.Be4 Bxe4 24.Nxe4 Rd4 25.Rad1 Rad8 26.Rxd4 Rxd4 27.c5 Nd5 28.Qb3 bxc5 29.Nc2 c4
30.Nxd4 Nxd4 31.Qb1 c3 32.Nc5 Qb6 33.a5 Qb5 34.Qa2 Nxb4 35.Ne6+ Nxe6 36.Qxe6 Qc5+
37.Kh1  0-1

[Event "Geneve"]
[Site "Geneve"]
[Date "1977.??.??"]
[Round "10"]
[White "Torre, Eugenio"]
[Black "Hug, Werner"]
[Result "1/2-1/2"]
[WhiteElo "2550"]
[BlackElo "2445"]

1.e4 e6 2.d4 d5 3.Nd2 Nc6 4.Ngf3 Nf6 5.e5 Nd7 6.Bd3 Nb4 7.Be2 c5 8.c3 Nc6
9.O-O cxd4 10.cxd4 f6 11.Re1 f5 12.Nf1 Be7 13.Ne3 Nf8 14.g3 g5 15.h3 Ng6
16.Bd3 Kf7 17.g4 f4 18.Ng2 Qg8 19.h4 gxh4 20.Kh2 Bd7 21.Nxf4 Nxf4 22.Bxf4 Qg7
23.Rg1 Raf8 24.g5 Ke8 25.Be3 Kd8 26.Nxh4 Nxd4 27.Bxd4 Rf4 28.Nf3 Rxd4 29.Nxd4 Qxe5+
30.Kh1 Qxd4 31.Rg2 Bxg5 32.Kg1 h6 33.Qe2 Rf8 34.Bb5 Bc8 35.Rd1 Qc5 36.Ba4 Rf4
37.Bb3 Bd7 38.Qe5 a5 39.Qb8+ Qc8 40.Qe5 Rf5 41.Qd4 Qc6 42.Rg4 Bf6 43.Qd2 Rg5
44.Rxg5 hxg5 45.Rc1 Qb6 46.Bd1 Ke7 47.b3 Bc6 48.Be2 Kd6 49.Rd1 Qc5 50.Bg4 Qc3
51.Qe2 Be5 52.Qe3 Qxe3 53.fxe3 Bc3 54.Kf2 Ke5 55.Rh1 d4 56.Rh6 dxe3+ 57.Kxe3  1/2-1/2

[Event "Geneve"]
[Site "Geneve"]
[Date "1977.??.??"]
[Round "10"]
[White "Sigurjonsson, Gudmundur"]
[Black "Sosonko, Gennadi"]
[Result "1/2-1/2"]
[WhiteElo "2520"]
[BlackElo "2530"]

1.e4 c5 2.Nf3 d6 3.d4 cxd4 4.Nxd4 Nf6 5.Nc3 g6 6.Be2 Bg7 7.O-O Nc6 8.Nb3 O-O
9.Bg5 Be6 10.Kh1 Na5 11.Nd5 Bxd5 12.exd5 Rc8 13.c3 Nc4 14.Bxc4 Rxc4 15.Qd3 Qc7
16.Rae1 b5 17.a3 Qd7 18.Re2 Re8 19.h3 Kf8 20.Rfe1 a6 21.Nd2 Rcc8 22.Bxf6 Bxf6
23.Ne4 Be5 24.Re3 Kg8 25.Rf3  1/2-1/2

[Event "Geneve"]
[Site "Geneve"]
[Date "1977.??.??"]
[Round "10"]
[White "Pachman, Ludek"]
[Black "Dzindzichashvili, Roman"]
[Result "1/2-1/2"]
[WhiteElo "2485"]
[BlackElo "2535"]

1.Nf3 Nf6 2.c4 b6 3.g3 Bb7 4.Bg2 e6 5.O-O Be7 6.d4 O-O 7.Nc3 Ne4 8.Qc2 Nxc3
9.Qxc3 c5 10.b3 Bf6 11.Bb2 cxd4 12.Nxd4 Bxg2 13.Kxg2 Nc6 14.Qd2 Bxd4 15.Bxd4 d5
16.Rfd1 Nxd4 17.Qxd4 dxc4 18.Qxc4 Qe7 19.Rd2 Rfd8 20.Rad1  1/2-1/2

[Event "Geneve"]
[Site "Geneve"]
[Date "1977.??.??"]
[Round "10"]
[White "Liberzon, Vladimir M"]
[Black "Timman, Jan H"]
[Result "1/2-1/2"]
[WhiteElo "2550"]
[BlackElo "2590"]

1.e4 d6 2.d4 Nf6 3.Nc3 g6 4.Nf3 Bg7 5.Be2 O-O 6.O-O Bg4 7.Be3 Nc6 8.Qd2 e5
9.dxe5 dxe5 10.Rad1 Qc8 11.Qc1 Rd8 12.h3 Bxf3 13.Bxf3 Nd4 14.Bxd4 exd4 15.Nd5 Nxd5
16.exd5 Qf5 17.Qd2 h5 18.Rfe1 Re8 19.Qd3 Qg5 20.Re4 h4 21.Rde1 Rxe4 22.Qxe4 Rb8
23.a4 Bf6 24.Be2 Qd2 25.Bc4 Qb4 26.b3 Kg7 27.Re2 a6 28.Qf4 b5 29.axb5 axb5
30.Bd3 Qc5 31.d6 cxd6 32.Qe4 Qc3 33.Kf1 Qc5 34.Re1 Rh8 35.Qb7 Rh5 36.Re8 Qg5
37.Qe4 Qc1+ 38.Qe1 Qf4 39.Qe4 Qh2 40.Qa8 d5 41.Qb8 Re5 42.Rxe5 Bxe5 43.Qd8 Qh1+
44.Ke2 Qxg2 45.Qxh4 b4 46.Qg4 Qh2 47.Qf3 f5 48.Qxd5 Kh6 49.Qf3 Qg1 50.Qd5 Qh2
51.Qf3 Kg5 52.Kf1 Kh4 53.Qg2 Qxh3 54.Qxh3+ Kxh3 55.Kg1 Bh2+ 56.Kh1 Bf4 57.Bc4 Kg4
58.Kg2 Bc1 59.Bf7 g5 60.Bg6 Kf4 61.f3 Bd2 62.Bh7  1/2-1/2

[Event "Geneve"]
[Site "Geneve"]
[Date "1977.??.??"]
[Round "10"]
[White "Westerinen, Heikki MJ"]
[Black "Ivkov, Borislav"]
[Result "0-1"]
[WhiteElo "2430"]
[BlackElo "2510"]

1.d3 g6 2.Nf3 Bg7 3.g3 c5 4.Bg2 Nc6 5.O-O e5 6.Nc3 Nge7 7.e4 d6 8.Nh4 O-O
9.f4 exf4 10.Bxf4 Be6 11.Qd2 d5 12.Bh6 d4 13.Nd5 f6 14.Bxg7 Kxg7 15.Nxf6 Rxf6
16.Rxf6 Kxf6 17.Qh6 Kf7 18.Qxh7+ Ke8 19.Nxg6 Nxg6 20.Qxg6+ Kd7 21.c3 Qh8
22.Qg5 dxc3 23.Qxc5 cxb2 24.Rb1 b6 25.Qa3 Qd4+ 26.Kh1 Nb4 27.Qa4+ Ke7 28.Qa3 Rc8
29.h3 a5 30.Qxb2 Qxb2 31.Rxb2 Rc2 32.Rb1 Bxa2 33.Rd1 Bb3  0-1

[Event "Geneve"]
[Site "Geneve"]
[Date "1977.??.??"]
[Round "11"]
[White "Olafsson, Fridrik"]
[Black "Byrne, Robert E"]
[Result "0-1"]
[WhiteElo "2560"]
[BlackElo "2580"]

1.e4 c5 2.Nf3 d6 3.d4 cxd4 4.Nxd4 Nf6 5.Nc3 a6 6.f4 Nbd7 7.Be2 g6 8.g4 Nc5
9.Nb3 Nxb3 10.axb3 Bg7 11.g5 Nd7 12.h4 Nc5 13.Be3 Bd7 14.b4 Bxc3+ 15.bxc3 Nxe4
16.Qd4 Rg8 17.Rg1 Bc6 18.c4 f5 19.h5 Qc7 20.Ra5 Nc5 21.Qa1 Nd7 22.b5 Be4
23.bxa6 bxa6 24.Rxa6 Rxa6 25.Qxa6 Nc5 26.Qa1 Kd7 27.Qc3 Ra8 28.hxg6 hxg6
29.Bd1 Ra2 30.Rf1 Qb6 31.Rf2 Kc6 32.Rd2 Qa7 33.Qd4 Qa5 34.Kf2 Ra3 35.Bf3 Bxf3
36.Kxf3 Qc3 37.Qd5+ Kc7 38.Re2 e6 39.Qd1 Qxc4 40.Kg2 Ne4 41.Bd4 Nc3 42.Bxc3 Qxc3  0-1

[Event "Geneve"]
[Site "Geneve"]
[Date "1977.??.??"]
[Round "11"]
[White "Andersson, Ulf"]
[Black "Westerinen, Heikki MJ"]
[Result "1-0"]
[WhiteElo "2565"]
[BlackElo "2430"]

1.c4 Nf6 2.Nf3 g6 3.g3 Bg7 4.Bg2 O-O 5.O-O d6 6.Nc3 Nc6 7.d3 e5 8.Rb1 a5
9.a3 Bd7 10.b4 axb4 11.axb4 Qc8 12.Bg5 Bh3 13.Bxf6 Bxf6 14.Nd5 Bd8 15.Bxh3 Qxh3
16.Ra1 Rxa1 17.Qxa1 Qc8 18.b5 Nb8 19.Qa8 Re8 20.Ra1 e4 21.dxe4 Rxe4 22.Ra7 Rxc4
23.Kg2  1-0

[Event "Geneve"]
[Site "Geneve"]
[Date "1977.??.??"]
[Round "11"]
[White "Dzindzichashvili, Roman"]
[Black "Torre, Eugenio"]
[Result "1-0"]
[WhiteElo "2535"]
[BlackElo "2550"]

1.d4 Nf6 2.c4 g6 3.Nc3 Bg7 4.e4 d6 5.Be2 O-O 6.Bg5 h6 7.Be3 e5 8.d5 Nbd7
9.Qd2 Nc5 10.f3 a5 11.O-O-O h5 12.h4 Bd7 13.Nh3 Rc8 14.Kb1 c6 15.dxc6 Rxc6
16.Ng5 Ne6 17.Nxe6 Bxe6 18.c5 Qb8 19.Bb5 d5 20.exd5 Rd8 21.dxe6 Rxd2 22.exf7+ Kxf7
23.Rxd2 Rc7 24.Bc4+ Ke8 25.Rhd1 Bf8 26.Bg5 Be7 27.Bxf6 Bxf6 28.Nd5 Bxh4 29.Nxc7+ Qxc7
30.Bb5+ Kf8 31.Rd7 Qxc5 32.Rc1  1-0

[Event "Geneve"]
[Site "Geneve"]
[Date "1977.??.??"]
[Round "11"]
[White "Ivkov, Borislav"]
[Black "Liberzon, Vladimir M"]
[Result "1/2-1/2"]
[WhiteElo "2510"]
[BlackElo "2550"]

1.d4 d5 2.c4 e6 3.Nc3 Nf6 4.Bg5 Be7 5.Nf3 h6 6.Bh4 O-O 7.e3 Ne4 8.Bxe7 Qxe7
9.cxd5 Nxc3 10.bxc3 exd5 11.Qb3 c6 12.Bd3 Nd7 13.O-O Nf6 14.Qb4 Qc7  1/2-1/2

[Event "Geneve"]
[Site "Geneve"]
[Date "1977.??.??"]
[Round "12"]
[White "Pachman, Ludek"]
[Black "Timman, Jan H"]
[Result "1/2-1/2"]
[WhiteElo "2485"]
[BlackElo "2590"]

1.Nf3 g6 2.d4 Nf6 3.g3 b6 4.Bg2 Bb7 5.c4 c5 6.d5 b5 7.O-O Bg7 8.Nfd2 a6 9.Nc3 d6
10.Rb1 Nbd7 11.Qc2 bxc4 12.Nxc4 O-O 13.b3 a5 14.Bd2 Nb6 15.Nxb6 Qxb6 16.Rfd1 Bc8
17.Na4 Qa6 18.e4 Bg4 19.Re1 Be2 20.Bf1 Bxf1 21.Rxf1 Ng4 22.Nb2 Ne5 23.f4 Ng4
24.Nc4 Bd4+ 25.Kg2 a4 26.h3 axb3 27.axb3 Nf6 28.Rfe1 Rfb8 29.Re2 Qb5 30.Bc3 Bxc3
31.Qxc3 Ra3 32.Qc1 Rba8 33.Qd1 Ra2 34.Kf3 Qb4 35.Qd3 Rxe2 36.Kxe2 Ra2+ 37.Kf3 Rh2
38.e5 Nh5 39.h4 Rh3 40.Rg1 Qe1 41.Qxg6+ hxg6 42.Rxe1 Rxg3+ 43.Kf2 Rxb3 44.exd6 exd6
45.Nxd6 Rd3 46.Re8+ Kg7 47.Rd8 Nf6 48.Nb7 c4 49.d6 c3 50.Rc8 Rd2+ 51.Ke3 Rd1
52.Rc7 Kh6 53.Ke2 Rd2+ 54.Ke3 Nd5+ 55.Kf3 f5 56.Rc4 c2 57.Rxc2 Rd3+ 58.Kf2  1/2-1/2

[Event "Geneve"]
[Site "Geneve"]
[Date "1977.??.??"]
[Round "12"]
[White "Sigurjonsson, Gudmundur"]
[Black "Ivkov, Borislav"]
[Result "1/2-1/2"]
[WhiteElo "2520"]
[BlackElo "2510"]

1.e4 e5 2.Nf3 Nc6 3.Bb5 a6 4.Ba4 Nf6 5.O-O Be7 6.Re1 b5 7.Bb3 d6 8.c3 O-O
9.h3 Na5 10.Bc2 c5 11.d4 Qc7 12.Nbd2 cxd4 13.cxd4 Bb7 14.d5 Bc8 15.Rb1 Bd7
16.Nf1 Ne8 17.g4 g6 18.Ng3 Ng7 19.Bh6 Nb7 20.Kh2 Nc5 21.Rg1 Rfc8 22.Rc1 Qa5
23.b3 Qxa2 24.Bd2 b4  1/2-1/2

[Event "Geneve"]
[Site "Geneve"]
[Date "1977.??.??"]
[Round "12"]
[White "Hug, Werner"]
[Black "Dzindzichashvili, Roman"]
[Result "1/2-1/2"]
[WhiteElo "2445"]
[BlackElo "2535"]

1.g3 g6 2.Bg2 Bg7 3.e4 c5 4.Nc3 Nc6 5.d3 d6 6.Nh3 Nf6 7.O-O O-O 8.Bg5 Rb8
9.Qd2 Nd4 10.f3 b5 11.Rae1 b4 12.Ne2 a5 13.g4 Qc7 14.Ng3  1/2-1/2

[Event "Geneve"]
[Site "Geneve"]
[Date "1977.??.??"]
[Round "12"]
[White "Liberzon, Vladimir M"]
[Black "Andersson, Ulf"]
[Result "1/2-1/2"]
[WhiteElo "2550"]
[BlackElo "2565"]

1.e4 c5 2.Nf3 e6 3.Nc3 a6 4.g3 b5 5.Bg2 Bb7 6.d3 d6 7.O-O Nd7 8.Ne1 Be7 9.f4 Qc7
10.Nf3 Ngf6 11.h3 b4 12.Ne2 c4 13.Be3 O-O  1/2-1/2

[Event "Geneve"]
[Site "Geneve"]
[Date "1977.??.??"]
[Round "13"]
[White "Ivkov, Borislav"]
[Black "Pachman, Ludek"]
[Result "1/2-1/2"]
[WhiteElo "2510"]
[BlackElo "2485"]

1.e4 e6 2.d4 d5 3.Nc3 Nf6 4.Bg5 dxe4 5.Nxe4 Be7 6.Bxf6 Bxf6 7.Nf3 Nd7 8.Qd2 O-O
9.O-O-O b6 10.Bc4 Bb7 11.Qf4 Bxe4 12.Qxe4  1/2-1/2

[Event "Geneve"]
[Site "Geneve"]
[Date "1977.??.??"]
[Round "13"]
[White "Sosonko, Gennadi"]
[Black "Hug, Werner"]
[Result "1-0"]
[WhiteElo "2530"]
[BlackElo "2445"]

1.d4 Nf6 2.c4 d6 3.Nc3 g6 4.e4 Bg7 5.f4 O-O 6.Nf3 c5 7.d5 e6 8.Be2 exd5 9.cxd5 b5
10.e5 dxe5 11.fxe5 Ng4 12.Bg5 Qb6 13.O-O Nd7 14.e6 fxe6 15.dxe6 Qxe6 16.Nxb5 Ba6
17.Nc7 Bxe2 18.Nxe6 Bxd1 19.Rfxd1 Rf7 20.Nd8 Rxf3 21.gxf3 Nge5 22.Kg2 c4
23.Ne6 Bh8 24.Rd6 Rb8 25.f4 Rxb2+ 26.Kh3 Nf3 27.Rf1 Rxh2+ 28.Kg3 Rd2 29.Rxd7 Rxd7
30.Kxf3 Rd6 31.Nc5 Rc6 32.Nd7 c3 33.Ne5 Rc5 34.Ke4 c2 35.Rc1 Bg7 36.Kd4 Rc7
37.Bh4 Rd7+ 38.Ke3 Rc7 39.Kd3 Bxe5 40.fxe5 Kf7 41.Be1 Ke6 42.Bc3 h5 43.Rxc2 g5
44.Rg2 g4 45.Rf2 Rxc3+ 46.Kxc3 g3 47.Rg2 h4 48.Kd4 Kf5 49.e6  1-0

[Event "Geneve"]
[Site "Geneve"]
[Date "1977.??.??"]
[Round "13"]
[White "Timman, Jan H"]
[Black "Torre, Eugenio"]
[Result "1/2-1/2"]
[WhiteElo "2590"]
[BlackElo "2550"]

1.f4 d5 2.Nf3 g6 3.e3 Bg7 4.Be2 Nf6 5.O-O O-O 6.Qe1 c5 7.d3 Nc6 8.Nbd2 Re8
9.Ne5 Nxe5 10.fxe5 Ng4  1/2-1/2

[Event "Geneve"]
[Site "Geneve"]
[Date "1977.??.??"]
[Round "13"]
[White "Olafsson, Fridrik"]
[Black "Liberzon, Vladimir M"]
[Result "1/2-1/2"]
[WhiteElo "2560"]
[BlackElo "2550"]

1.e4 c5 2.Nf3 e6 3.d4 cxd4 4.Nxd4 Nf6 5.Nc3 d6 6.Be2 Be7 7.O-O O-O 8.f4 a6
9.Be3 Nc6 10.Qe1 Bd7 11.Qg3 Nxd4 12.Bxd4 Bc6 13.Rad1 Qc7 14.Bf3 Rad8 15.Kh1 b5
16.a3 Qb7 17.Rfe1 g6 18.Qh3 e5 19.fxe5 dxe5 20.Bxe5 Nxe4 21.Nxe4 Bxe4 22.Qh6 f6
23.Rxd8 Rxd8 24.Bxe4 Qxe4 25.Bc3 Qf5 26.Qe3 Bd6 27.Qb6 Rd7 28.Qxa6 Kg7 29.Qc6 Re7
30.Rg1 Bb8 31.Qf3 Qxf3 32.gxf3 Re3 33.Rd1 Rxf3 34.Rd7+ Kh6 35.Rb7 Bd6 36.Rxb5 Rf2
37.a4 Rxh2+ 38.Kg1 Rxc2 39.a5 Bf4 40.a6 Be3+ 41.Kf1 g5 42.Rb7 g4 43.Re7 Bc5
44.Rc7 Bb6 45.Rc6 Be3 46.Re6 Bc5 47.Rxf6+ Kg5 48.Rc6 Rf2+ 49.Ke1 Be3 50.Re6 Rf3
51.Ke2 Bg1 52.Bd2+ Kf5 53.Re7 Rb3 54.Rf7+ Ke6 55.a7 Bxa7 56.Rxa7 Rxb2 57.Rxh7 Ra2
58.Rg7 Ra4 59.Rg5 Kf6 60.Rb5 Ke6 61.Be3 Kf6 62.Kd3 g3 63.Bd4+ Kg6 64.Ke4 g2
65.Rb1 Kg5 66.Rg1 Ra2 67.Kf3 Kf5 68.Bf2 Ra3+ 69.Be3 Ra2 70.Re1 Rc2 71.Bf2 Rc3+
72.Kxg2  1/2-1/2

[Event "Geneve"]
[Site "Geneve"]
[Date "1977.??.??"]
[Round "13"]
[White "Andersson, Ulf"]
[Black "Sigurjonsson, Gudmundur"]
[Result "1/2-1/2"]
[WhiteElo "2565"]
[BlackElo "2520"]

1.c4 g6 2.g3 Bg7 3.Bg2 Nf6 4.Nf3 O-O 5.O-O d6 6.d3 Nc6 7.Nc3 e5 8.Rb1 a5
9.a3 Bf5 10.b4 axb4 11.axb4  1/2-1/2

[Event "Geneve"]
[Site "Geneve"]
[Date "1977.??.??"]
[Round "13"]
[White "Byrne, Robert E"]
[Black "Westerinen, Heikki MJ"]
[Result "1/2-1/2"]
[WhiteElo "2580"]
[BlackElo "2430"]

1.e4 e5 2.Nf3 Nc6 3.Bb5 a6 4.Ba4 d6 5.c3 f5 6.exf5 Bxf5 7.d4 e4 8.Ng5 d5
9.f3 e3 10.f4 Bd6 11.Qf3 Ne7 12.Qxe3 Qd7 13.Nd2 O-O 14.Ngf3 Nb4 15.Bxd7 Nc2+
16.Kf2 Nxe3 17.Kxe3 Bxd7 18.g3 c5 19.Nb3 b6 20.Kf2 a5 21.Be3 Rab8 22.Rhe1 Nf5
23.Nbd2 Rbe8 24.Rad1 Bb5 25.Nb3 a4 26.Nc1 Re4 27.Nd3 cxd4 28.Bxd4 g5 29.Be5 Bxd3
30.Bxd6 Nxd6 31.Rxd3 gxf4 32.Rxd5 fxg3+ 33.Kxg3 Rxe1 34.Nxe1 Ne4+ 35.Kh3 Rf2
36.Rb5 a3 37.bxa3 Rxa2 38.Rxb6 Rxa3 39.Kg4 Nxc3 40.Nf3 Nd5  1/2-1/2